| 000 | 01512cam a22004217a 4500 | ||
|---|---|---|---|
| 003 | CHAP | ||
| 005 | 20220329142447.0 | ||
| 008 | 010322d1999 mx r 00110 spa d | ||
| 010 | _a83794 | ||
| 011 | _a84766 | ||
| 020 | _a84-291-4382-3 | ||
| 020 | _a8429143815 | ||
| 035 | _a95292 | ||
| 040 | _cCHAP | ||
| 082 | 0 | 4 |
_a530 _bT56Y 1999 |
| 100 | 0 | 0 |
_aTipler, Paul A. _9113389 |
| 245 | 1 | 0 |
_aFísica : _bpara la ciencia y la tecnología _c/por Paul A. Tipler |
| 250 | _a4 ed. | ||
| 260 |
_aMéxico, D. F. : _bReverté _c1999. |
||
| 300 | _a2 v. | ||
| 500 | _aContenido : v.1 Mecánica oscilaciones y ondas termodinámica -- v.2 Electricidad y magnetismo, Luz, Física moderna | ||
| 590 |
_aBATCH-UPD _b10 _c20130110 _lUCH01 _h0120 |
||
| 590 |
_aBATCH-UPD _b10 _c20130110 _lUCH01 _h1406 |
||
| 590 |
_aBATCH-UPD _b10 _c20130409 _lUCH01 _h2113 |
||
| 590 |
_aBATCH-UPD _b10 _c20130410 _lUCH01 _h0855 |
||
| 590 |
_aBATCH-UPD _b10 _c20130914 _lUCH01 _h1303 |
||
| 590 |
_aCONVERSION _b10 _c20130109 _lUCH01 _h1347 |
||
| 650 | 1 | 4 |
_aElectricidad _xEstudio y enseñanza. _936220 |
| 650 | 1 | 4 |
_aFísica. _941975 |
| 650 | 1 | 4 |
_aMecánica _xEstudio y enseñanza. _973812 |
| 650 | 1 | 4 |
_aRelatividad (Física) _995830 |
| 650 | 1 | 4 |
_aTermodinámica. _9112366 |
| 901 | _aBK | ||
| 905 | _aPatricia Mendoza P. | ||
| 942 | _cLIBRO | ||
| 949 |
_a530 T56Y 1999 _bBC _cLIBRO _d33724000819322 _eLIBRO _fv.1 _g210859 _h99841 _i95292 _si _t$ 335.75 |
||
| 949 |
_a530 T56Y 1999 _bBC _cLIBRO _d33724000819389 _eLIBRO _fv.2 _g210859 _h99842 _i95292 _si _t$ 335.75 |
||
| 999 |
_c83794 _d83794 |
||